UBT Library

NURSING DIAGNOSIS REFERENCE MANUAL (Record no. 38281)

000 -LEADER
fixed length control field 00316nam a22001337a 4500
008 - FIXED-LENGTH DATA ELEMENTS--GENERAL INFORMATION
fixed length control field 171121b xxu||||| |||| 00| 0 eng d
020 ## - INTERNATIONAL STANDARD BOOK NUMBER
International Standard Book Number 9780781771788
041 ## - LANGUAGE CODE
Language code of text/sound track or separate title eng
080 ## - UNIVERSAL DECIMAL CLASSIFICATION NUMBER
Edition identifier 7 ED
Universal Decimal Classification number 618.2
100 ## - Rafti
Rafti 2
101 ## - Shkurtesa
Shkurtesa INF
245 ## - TITLE STATEMENT
Title NURSING DIAGNOSIS REFERENCE MANUAL
Statement of responsibility, etc TAYLOR.C.M
942 ## - ADDED ENTRY ELEMENTS (KOHA)
Source of classification or shelving scheme
Item type Books
Holdings
Withdrawn status Lost status Source of classification or shelving scheme Damaged status Not for loan Collection code Permanent location Current location Shelving location Date acquired Total Checkouts Full call number Barcode Date last seen Price effective from Koha item type
          Koleksioni i përgjithshem UBT - Lipjan UBT - Lipjan Koleksioni i përgjithshem 11/21/2017   618.2 TAY 002-2938143 11/21/2017 11/21/2017 Books
UBT Library © 2015-2024. All rights reserved University Education for Business and Technology